[Event "Torneo Interdepartamental 2019"]
[Site "Montevideo"]
[Date "2019.08.24"]
[Round "1.1"]
[White "Vaz Lacuesta, Leonardo"]
[Black "Michailov, Matias"]
[Result "1/2-1/2"]
[WhiteElo "2098"]
[BlackElo "2257"]
[Annotator "TA"]
[PlyCount "94"]
[EventDate "2019.08.23"]
[EventType "team-tourn"]
[EventCountry "URU"]
[SourceTitle "playchess.com"]
[Source "ChessBase"]
[SourceQuality "1"]

{[%evp 19,94,16,27,21,25,21,30,0,0,0,9,12,27,-18,-10,-63,-58,-57,-50,-64,-43,-33,-43,-50,-39,-36,-37,-36,-27,-34,-37,-41,-33,-62,-33,-136,-93,-89,-94,-87,-38,-31,-41,-44,-21,-24,11,12,18,0,0,0,0,0,0,0,0,0,0,0,0,0,0,0,0,0,59,0,0,0,0,0,0,0,0,0,0]} 1. e4 e6 2. d4 d5 3. exd5 exd5 4. c4 dxc4 5. Bxc4 Nf6 6. Nf3 Be7 7. O-O O-O 8. h3 Nbd7 9. Nc3 Nb6 10. Bb3 c6 11. Bf4 {D20: Queen's Gambit Accepted: 3 e3 and 3 e4} (11. Re1 Nbd5 12. Ne5 Be6 13. Bg5 Re8 14. Na4 h6 15. Bh4 Bb4 16. Rf1 Nf4 17. a3 Qxd4 18. Qxd4 Ne2+ 19. Kh1 Nxd4 20. Bxe6 Rxe6 21. axb4 Rxe5 22. Nb6 Rae8 23. Bxf6 gxf6 24. Nd7 Rf5 25. Rxa7 Re2 26. Rxb7 Rxb2 27. f4 Kg7 {0-1 (27) Tkachiev,V (2642)-Carlsen,M (2801) Moscow 2009}) 11... Nbd5 12. Be5 Bf5 13. Nh4 {White has an edge.} Be6 14. Bc2 Qd7 15. a3 $146 ({Predecessor:} 15. Qf3 g6 16. Kh2 Nh5 {½-½ (43) Marco,G-Burn,A Paris 1900}) 15... Nb6 16. b3 g6 17. Re1 ({Better is} 17. Nf3 $11) 17... Nfd5 $15 18. Nxd5 Nxd5 19. Nf3 Bf5 20. Bxf5 Qxf5 21. Nh2 f6 22. Ng4 Qd7 23. Bg3 Bd6 24. Qf3 Bxg3 25. Qxg3 Rae8 26. h4 Re6 27. f4 (27. Rxe6 $15 Qxe6 28. Qf3) 27... Ne7 28. Rxe6 Qxe6 29. Re1 Qd6 {Hoping for ...Nf5.} 30. Nh6+ Kh8 31. Kh2 $1 Qd7 (31... Qxa3 32. f5) 32. h5 $1 Nf5 33. Qh3 Kg7 $1 {[%cal Rg7h6]} 34. hxg6 hxg6 {[#] White must now prevent ...Rh8.} 35. Nxf5+ Qxf5 $11 {[%mdl 4096] Endgame KQR-KQR} 36. Re7+ Rf7 37. Rxf7+ Kxf7 {KQ-KQ} 38. Qh7+ Ke6 39. Qg8+ Ke7 40. Qb8 Qd7 41. Qxa7 Ke6 42. Qc5 Qd6 (42... Qd5 $11) 43. Qc4+ (43. Kg3 $14) 43... Ke7 {The position is equal.} 44. Qe2+ Kf7 45. Qe4 Qxa3 46. d5 {[#] Qe6+ is the strong threat.} Qd6 ({But not} 46... Qxb3 $2 47. Qe6+ Kf8 48. Qxf6+ Ke8 49. Qxg6+ Kf8 50. dxc6 $18) 47. dxc6 bxc6 {Accuracy: White = 49%, Black = 35%.} 1/2-1/2

[Event "Torneo Interdepartamental 2019"]
[Site "Montevideo"]
[Date "2019.08.23"]
[Round "1.2"]
[White "De los Reyes, Mauro"]
[Black "Carbone, Diego"]
[Result "0-1"]
[WhiteElo "1867"]
[BlackElo "2237"]
[Annotator "TA"]
[PlyCount "44"]
[EventDate "2019.08.23"]
[EventType "team-tourn"]
[EventCountry "URU"]
[SourceTitle "playchess.com"]
[Source "ChessBase"]
[SourceQuality "1"]

{[%evp 13,44,0,0,0,2,-8,-15,-28,-35,-67,-43,-52,-28,-33,-46,-63,-47,-49,-54,-65,-66,-155,-152,-154,-154,-269,-263,-258,-258,-258,-249,-1187,-1179]} 1. d4 Nf6 2. e3 g6 3. Nf3 Bg7 4. Be2 O-O 5. Nbd2 c5 6. c3 Qc7 7. O-O d5 8. Re1 {A48: 1 d4 Nf6 2 Nf3 g6: Torre, London and Colle Systems} (8. Ne5 Nc6 9. f4 Bf5 10. Bf3 Rad8 11. Qe2 a6 12. Nd3 c4 13. Nf2 b5 14. a4 b4 15. g4 Bc8 {0-1 (29) Kovacevic,V (2505)-Fercec,N (2463) Sibenik 2009}) 8... Nbd7 {[%cal Bb8d7,Bd7e5,Be5f3][%mdl 32]} 9. Bf1 e5 10. dxe5 {The position is equal.} Nxe5 11. e4 $146 ({Predecessor:} 11. Nxe5 Qxe5 {0-1 (27) Peric,D-Barbaric Vuk,T (2091) Kastela 2002}) 11... dxe4 12. Nxe4 Bg4 13. Nxf6+ Bxf6 14. Be2 {[#] Nxe5 is the strong threat.} Rad8 15. Qa4 Nxf3+ 16. gxf3 Bd7 $36 {[%mdl 2048] White is under pressure.} 17. Bf4 (17. Qf4 $15 Qxf4 18. Bxf4) 17... Bxa4 $17 18. Bxc7 Rd2 19. Rab1 (19. b3 $17 {was worth a try.} Bc6 20. Bf4) 19... Re8 $19 20. Bc4 Rxe1+ 21. Rxe1 Rxb2 22. Re8+ $2 {[#]} (22. Kg2) 22... Bxe8 0-1

[Event "Torneo Interdepartamental 2019"]
[Site "Montevideo"]
[Date "2019.08.23"]
[Round "1.3"]
[White "Curi, Gabriel"]
[Black "Viera, Emilio"]
[Result "1/2-1/2"]
[WhiteElo "2195"]
[BlackElo "2162"]
[Annotator "TA"]
[PlyCount "78"]
[EventDate "2019.08.23"]
[EventType "team-tourn"]
[EventCountry "URU"]
[SourceTitle "playchess.com"]
[Source "ChessBase"]
[SourceQuality "1"]

{[%evp 18,78,28,20,44,41,46,44,41,43,43,32,74,61,69,8,29,38,64,65,66,64,66,58,61,58,61,52,59,59,82,63,59,60,83,83,97,50,68,51,63,47,51,51,51,51,51,51,51,51,51,51,51,40,41,40,40,40,40,40,48,40,40]} 1. d4 e6 2. c4 f5 3. g3 Nf6 4. Bg2 c6 5. Nf3 d5 6. O-O Bd6 7. Nc3 O-O 8. Qc2 Ne4 9. Rb1 Nd7 {[%cal Bb8d7,Bd7f6,Bf6e4][%mdl 32]} 10. b4 Ndf6 {A90: Dutch Defence: Miscellaneous and Modern Stonewall (with ...Bd6)} (10... b6 11. b5 Qc7 12. Bd2 Ndf6 13. bxc6 Qxc6 14. Nb5 Qxc4 15. Qxc4 dxc4 16. Nxd6 Nxd6 17. Bb4 Rd8 18. Rfc1 {0-1 (39) Jankovic,A (2568)-Sedlak,N (2608) Jahorina 2018}) 11. c5 Bc7 12. Bf4 Bxf4 13. gxf4 Nxc3 14. Qxc3 Ne4 $146 ({Predecessor:} 14... Qe8 15. Ne5 Ng4 16. Nd3 Qh5 17. h3 Nf6 18. b5 {½-½ (38) Alvarez Abejon,A (1979)-Osuna Osuna,F (1488) Madrid 2017}) 15. Qc2 g5 16. Nxg5 (16. Qc1 $14) 16... Nxg5 $11 17. fxg5 Qxg5 18. f4 $1 {[%cal Rf4g5]} Qf6 19. Qd2 Bd7 20. Rf3 Kh8 21. Rg3 Rg8 22. Rbb3 Rxg3 23. Rxg3 Rg8 24. Qe3 Be8 25. Kf2 Bf7 26. a4 Rg7 27. Ke1 Kg8 {White is slightly better.} 28. Kd2 Kf8 29. Kc3 Qh4 30. Rxg7 Qe1+ 31. Kc2 Kxg7 32. Qg3+ Qxg3 33. hxg3 $14 {[%mdl 4096] Endgame KB-KB} Bh5 34. Bf1 Kf6 35. b5 Ke7 36. Kc3 cxb5 37. axb5 b6 38. Kd2 Bg4 39. e3 h5 {Accuracy: White = 48%, Black = 59%.} 1/2-1/2

[Event "Torneo Interdepartamental 2019"]
[Site "Montevideo"]
[Date "2019.08.24"]
[Round "1.4"]
[White "Campopiano, Julio"]
[Black "Caitano, Martin Joel"]
[Result "1-0"]
[WhiteElo "1791"]
[BlackElo "2119"]
[Annotator "TA"]
[PlyCount "79"]
[EventDate "2019.08.23"]
[EventType "team-tourn"]
[EventCountry "URU"]
[SourceTitle "playchess.com"]
[Source "ChessBase"]
[SourceQuality "1"]

{[%evp 13,79,-4,4,-18,0,-3,12,14,20,-15,-10,-25,-19,-24,-7,0,18,18,11,0,0,0,55,54,59,52,50,54,62,13,57,31,48,39,34,37,39,21,52,56,71,-10,-10,-54,-12,-45,-23,-29,-15,-10,0,-43,-1,-13,2,0,50,57,401,400,394,383,1450,1426,1389,1238,1060,1059]} 1. c4 Nf6 2. g3 g6 3. Bg2 Bg7 4. Nc3 d6 5. Nf3 e5 6. d3 O-O 7. O-O Re8 8. Ne1 {A24: English Opening vs King's Indian: Lines without ...Nc6} (8. Rb1 a5 9. Nd2 Nbd7 10. a3 h5 11. b4 axb4 12. axb4 h4 13. Nde4 Nh7 14. Bb2 f5 15. Nd2 Ndf6 16. b5 hxg3 17. hxg3 {½-½ (37) Alekseev,E (2639)-Grischuk,A (2771) St Petersburg 2018}) 8... Nbd7 9. Nc2 a5 $146 ({Predecessor:} 9... Nf8 10. Rb1 h5 11. h4 N6h7 12. Ne4 Ne6 13. Nc3 f5 14. b4 Rf8 15. b5 Kh8 {0-1 (28) Cesareo,F (2070)-Chiong Zacarias,R (2390) Silvaplana 1993}) 10. h3 {The position is equal.} Nc5 11. Be3 c6 12. d4 exd4 13. Bxd4 Be6 14. b3 Qc7 15. Rc1 Rad8 16. e4 Bc8 17. Re1 Nh5 (17... Ne6 $1 $11) 18. Bxg7 Nxg7 19. Ne3 f5 20. exf5 gxf5 21. Qc2 Qf7 (21... f4 $5 22. gxf4 Qf7 $11) 22. f4 Qg6 23. Nf1 Nh5 24. Kh2 Nf6 25. Rcd1 Nfe4 26. Nxe4 fxe4 27. Re3 (27. Qc3 $16) 27... b6 $11 28. Qc3 Qg7 29. Qxg7+ Kxg7 30. g4 d5 31. Ng3 Nd3 32. Rf1 Rf8 33. Nh5+ Kg6 34. Kg3 Rf7 35. Rd1 Rdf8 $2 {[%mdl 8192] [#]} (35... Rff8 $14) 36. Rxe4 $1 $18 {[%mdl 512]} dxe4 37. Bxe4+ {[%mdl 64] [#] Double Attack} Kh6 $2 (37... Bf5 $1 {[%mdl 512]} 38. Bxf5+ Rxf5) 38. Rxd3 {White is clearly winning.} Rd7 39. Rxd7 Bxd7 40. Kh4 {Accuracy: White = 47%, Black = 33%.} 1-0

[Event "Torneo Interdepartamental 2019"]
[Site "Montevideo"]
[Date "2019.08.24"]
[Round "1.5"]
[White "Vazquez, Facundo"]
[Black "Marrero, Javier"]
[Result "1-0"]
[WhiteElo "2111"]
[BlackElo "1835"]
[Annotator "ChessBase"]
[PlyCount "47"]
[EventDate "2019.08.23"]
[EventType "team-tourn"]
[EventCountry "URU"]
[SourceTitle "playchess.com"]
[Source "ChessBase"]
[SourceQuality "1"]
[TimeControl "5400+30"]

1. d4 {[%emt 0:00:00]} Nf6 {[%emt 0:29:15]} 2. c4 {[%emt 0:00:00]} e6 {[%emt 0:00:31]} 3. Nf3 {[%emt 0:00:20]} b6 {[%emt 0:00:35]} 4. g3 {[%emt 0:00:32]} Bb7 {[%emt 0:00:09]} 5. Bg2 {[%emt 0:00:19]} c5 {[%emt 0:01:09]} 6. d5 {[%emt 0:02:22]} exd5 {[%emt 0:00:16]} 7. Nh4 {[%emt 0:01:15]} g6 {[%emt 0:02:50]} 8. O-O {[%emt 0:01:46]} Bg7 {[%emt 0:00:06]} 9. Nc3 {[%emt 0:01:01]} O-O {[%emt 0:00:33]} 10. cxd5 {[%emt 0:00:43]} d6 {[%emt 0:00:59]} 11. Nf3 {[%emt 0:02:36]} Re8 {[%emt 0:00:46]} 12. Bf4 {[%emt 0:01:34]} Qd7 {[%emt 0:02:22]} 13. a4 {[%emt 0:04:28]} Nh5 {[%emt 0:01:00]} 14. Be3 {[%emt 0:03:35]} Na6 {[%emt 0:00:13]} 15. Nd2 {[%emt 0:03:13]} Nb4 {[%emt 0:02:35]} 16. Nc4 {[%emt 0:09:29]} f5 {[%emt 0:02:17]} 17. Qd2 {[%emt 0:03:57]} Ba6 {[%emt 0:06:16]} 18. Na3 {[%emt 0:06:01]} Nf6 {[%emt 0:00:54]} 19. Nab5 {[%emt 0:03:30]} Bxb5 {[%emt 0:00:26]} 20. axb5 {[%emt 0:00:09]} Ng4 {[%emt 0:00:31]} 21. Bf4 {[%emt 0:03:34]} Ne5 {[%emt 0:03:39]} 22. Bxe5 {[%emt 0:02:43]} Bxe5 {[%emt 0:01:26]} 23. Rfe1 {[%emt 0:00:56]} Bxc3 {[%emt 0:00:25]} 24. bxc3 {[%emt 0:00:43]} 1-0

[Event "Torneo Interdepartamental 2019"]
[Site "Montevideo"]
[Date "2019.08.23"]
[Round "1.6"]
[White "De Cuadro, Dionisio"]
[Black "Casas, Nicolas"]
[Result "*"]
[WhiteElo "1654"]
[BlackElo "1798"]
[Annotator "NA RC"]
[PlyCount "31"]
[EventDate "2019.08.23"]
[EventType "team-tourn"]
[EventCountry "URU"]
[SourceTitle "playchess.com"]
[Source "ChessBase"]
[SourceQuality "1"]
[TimeControl "5400+30"]

1. d4 {[%emt 0:00:20]} Nf6 {[%emt 0:00:00]} 2. c4 {[%emt 0:00:07]} c5 {[%emt 0:00:00]} 3. d5 {[%emt 0:00:11]} e6 {[%emt 0:00:00]} 4. Nc3 {[%emt 0:00:25]} exd5 {[%emt 0:00:00]} 5. cxd5 {[%emt 0:00:16]} d6 {[%emt 0:00:00]} 6. e4 {[%emt 0:00:31]} g6 {[%emt 0:00:07]} 7. Qc2 {[%emt 0:01:09]} Bg7 {[%emt 0:00:16]} 8. Nf3 {[%emt 0:01:11]} a6 {[%emt 0:00:12]} 9. a4 {[%emt 0:00:24]} Bg4 {[%emt 0:00:18]} 10. Be2 {[%emt 0:01:14]} Bxf3 {[%emt 0:00:09]} 11. Bxf3 {[%emt 0:00:25]} Nbd7 {[%emt 0:00:08]} 12. Bf4 {[%emt 0:05:00]} Qe7 {[%emt 0:00:33]} 13. O-O O-O 14. Rfe1 {[%emt 0:03:00]} Rfe8 {[%emt 0:01:23]} 15. Rab1 {[%emt 0:01:50]} Rac8 {[%emt 0:03:36]} 16. a5 {[%emt 0:11:13]} *

[Event "Torneo Interdepartamental 2019"]
[Site "Montevideo"]
[Date "2019.08.24"]
[Round "1.6"]
[White "Chargonia, Alfredo"]
[Black "Daneri, Martin"]
[Result "0-1"]
[WhiteElo "1572"]
[BlackElo "2050"]
[Annotator "NA"]
[PlyCount "51"]
[EventDate "2019.08.23"]
[EventType "team-tourn"]
[EventCountry "URU"]
[SourceTitle "playchess.com"]
[Source "ChessBase"]
[SourceQuality "1"]
[TimeControl "5400+30"]

1. d4 {[%emt 0:00:20]} Nf6 {[%emt 0:00:00]} 2. c4 {[%emt 0:00:07]} c5 {[%emt 0:00:00]} 3. d5 {[%emt 0:00:11]} e6 {[%emt 0:00:00]} 4. Nc3 {[%emt 0:00:25]} exd5 {[%emt 0:00:00]} 5. cxd5 {[%emt 0:00:16]} d6 {[%emt 0:00:00]} 6. e4 {[%emt 0:00:31]} g6 {[%emt 0:00:07]} 7. Qc2 {[%emt 0:01:09]} Bg7 {[%emt 0:00:16]} 8. Nf3 {[%emt 0:01:11]} a6 {[%emt 0:00:12]} 9. a4 {[%emt 0:00:24]} Bg4 {[%emt 0:00:18]} 10. Be2 {[%emt 0:01:14]} Bxf3 {[%emt 0:00:09]} 11. Bxf3 {[%emt 0:00:25]} Nbd7 {[%emt 0:00:08]} 12. Bf4 {[%emt 0:05:00]} Qe7 {[%emt 0:00:33]} 13. O-O O-O 14. Rfe1 {[%emt 0:03:00]} Rfe8 {[%emt 0:01:23]} 15. Rab1 {[%emt 0:01:50]} Rac8 {[%emt 0:03:36]} 16. a5 {[%emt 0:11:13]} h6 {[%emt 0:03:16]} 17. h3 {[%emt 0:03:40]} g5 {[%emt 0:01:10]} 18. Bg3 {[%emt 0:01:26]} Ne5 {[%emt 0:03:44]} 19. b3 {[%emt 0:07:29]} Nxf3+ {[%emt 0:01:30]} 20. gxf3 {[%emt 0:00:12]} Nh5 {[%emt 0:00:32]} 21. Bh2 {[%emt 0:12:27]} Qd7 {[%emt 0:09:34]} 22. Kg2 {[%emt 0:01:38]} Be5 {[%emt 0:01:17]} 23. Ne2 {[%emt 0:01:58]} Qd8 {[%emt 0:07:35]} 24. Rg1 {[%emt 0:05:18]} Qf6 {[%emt 0:04:23]} 25. Qd3 {[%emt 0:04:17]} Rc7 {[%emt 0:01:49]} 26. Kf1 {[%emt 0:02:15]} 0-1

[Event "Torneo Interdepartamental 2019"]
[Site "Montevideo"]
[Date "2019.08.23"]
[Round "1.7"]
[White "Vazquez, Facundo"]
[Black "Marrero, Javier"]
[Result "*"]
[WhiteElo "2111"]
[BlackElo "1835"]
[Annotator "RC"]
[PlyCount "32"]
[EventDate "2019.08.23"]
[EventType "team-tourn"]
[EventCountry "URU"]
[SourceTitle "playchess.com"]
[Source "ChessBase"]
[SourceQuality "1"]
[TimeControl "5400+30"]

1. c4 {[%emt 0:00:00]} Nf6 {[%emt 0:00:00]} 2. g3 {[%emt 0:00:00]} e6 {[%emt 0:00:18]} 3. Bg2 {[%emt 0:00:03]} d5 {[%emt 0:00:30]} 4. cxd5 {[%emt 0:00:02]} exd5 {[%emt 0:00:10]} 5. Nf3 {[%emt 0:00:04]} c6 {[%emt 0:01:45]} 6. O-O {[%emt 0:00:03]} Bd6 {[%emt 0:01:18]} 7. d3 {[%emt 0:00:02]} O-O {[%emt 0:00:23]} 8. Nc3 {[%emt 0:00:02]} h6 {[%emt 0:01:33]} 9. e4 {[%emt 0:00:26]} dxe4 {[%emt 0:02:47]} 10. dxe4 {[%emt 0:00:02]} Bb4 {[%emt 0:03:27]} 11. Qc2 {[%emt 0:01:08]} Bxc3 {[%emt 0:03:18]} 12. bxc3 {[%emt 0:00:02]} Re8 {[%emt 0:01:39]} 13. Re1 {[%emt 0:00:02]} Na6 {[%emt 0:00:28]} 14. Bb2 {[%emt 0:00:58]} Nc5 {[%emt 0:07:38]} 15. Nd4 {[%emt 0:00:10]} Qb6 {[%emt 0:04:15]} 16. Rab1 {[%emt 0:00:26]} Qa6 {[%emt 0:00:07]} *

[Event "Torneo Interdepartamental 2019"]
[Site "Montevideo"]
[Date "2019.08.24"]
[Round "1.7"]
[White "Ibanez, Marcelo"]
[Black "Sierra, Juan Andres"]
[Result "1-0"]
[WhiteElo "2029"]
[BlackElo "1831"]
[Annotator "NA"]
[PlyCount "65"]
[EventDate "2019.08.23"]
[EventType "team-tourn"]
[EventCountry "URU"]
[SourceTitle "playchess.com"]
[Source "ChessBase"]
[SourceQuality "1"]
[TimeControl "5400+30"]

1. c4 {[%emt 0:00:00]} Nf6 {[%emt 0:00:00]} 2. g3 {[%emt 0:00:00]} e6 {[%emt 0:00:18]} 3. Bg2 {[%emt 0:00:03]} d5 {[%emt 0:00:30]} 4. cxd5 {[%emt 0:00:02]} exd5 {[%emt 0:00:10]} 5. Nf3 {[%emt 0:00:04]} c6 {[%emt 0:01:45]} 6. O-O {[%emt 0:00:03]} Bd6 {[%emt 0:01:18]} 7. d3 {[%emt 0:00:02]} O-O {[%emt 0:00:23]} 8. Nc3 {[%emt 0:00:02]} h6 {[%emt 0:01:33]} 9. e4 {[%emt 0:00:26]} dxe4 {[%emt 0:02:47]} 10. dxe4 {[%emt 0:00:02]} Bb4 {[%emt 0:03:27]} 11. Qc2 {[%emt 0:01:08]} Bxc3 {[%emt 0:03:18]} 12. bxc3 {[%emt 0:00:02]} Re8 {[%emt 0:01:39]} 13. Re1 {[%emt 0:00:02]} Na6 {[%emt 0:00:28]} 14. Bb2 {[%emt 0:00:58]} Nc5 {[%emt 0:07:38]} 15. Nd4 {[%emt 0:00:10]} Qb6 {[%emt 0:04:15]} 16. Rab1 {[%emt 0:00:26]} Qa6 {[%emt 0:00:07]} 17. c4 {[%emt 0:11:08]} Na4 {[%emt 0:14:19]} 18. Ba1 {[%emt 0:01:39]} Nb6 {[%emt 0:03:02]} 19. Bf1 {[%emt 0:00:07]} Qa4 {[%emt 0:08:51]} 20. Rb3 {[%emt 0:08:22]} Qa5 {[%emt 0:05:25]} 21. Bc3 {[%emt 0:20:24]} Qh5 {[%emt 0:01:09]} 22. e5 {[%emt 0:02:30]} Ng4 {[%emt 0:05:01]} 23. f4 {[%emt 0:00:59]} f6 {[%emt 0:15:08]} 24. h3 {[%emt 0:05:09]} fxe5 {[%emt 0:01:37]} 25. hxg4 {[%emt 0:00:03]} Qxg4 {[%emt 0:00:04]} 26. Qf2 {[%emt 0:00:34]} e4 {[%emt 0:04:46]} 27. Nf3 {[%emt 0:00:31]} e3 {[%emt 0:05:07]} 28. Qg2 {[%emt 0:01:00]} Nd7 {[%emt 0:04:58]} 29. Bd4 {[%emt 0:01:25]} c5 {[%emt 0:01:17]} 30. Rbxe3 {[%emt 0:00:13]} Rf8 {[%emt 0:01:34]} 31. Bc3 {[%emt 0:00:49]} b6 {[%emt 0:00:02]} 32. Nh2 {[%emt 0:00:21]} Qg6 {[%emt 0:01:49]} 33. Qxa8 {[%emt 0:00:38]} 1-0

[Event "Torneo Interdepartamental 2019"]
[Site "Montevideo"]
[Date "2019.08.23"]
[Round "1.8"]
[White "Visillac, Alejandro"]
[Black "Suarez, Pedro"]
[Result "0-1"]
[WhiteElo "1797"]
[BlackElo "2040"]
[Annotator "NA RC"]
[PlyCount "70"]
[EventDate "2019.08.23"]
[EventType "team-tourn"]
[EventCountry "URU"]
[SourceTitle "playchess.com"]
[Source "ChessBase"]
[SourceQuality "1"]
[TimeControl "5400+30"]

1. e4 {[%emt 0:00:00]} e6 {[%emt 0:00:00]} 2. d3 {[%emt 0:00:07]} d5 {[%emt 0:00:12]} 3. Nd2 {[%emt 0:00:08]} Nf6 {[%emt 0:00:11]} 4. Ngf3 {[%emt 0:00:19]} Bc5 {[%emt 0:02:12]} 5. e5 {[%emt 0:02:28]} Nfd7 {[%emt 0:00:34]} 6. d4 {[%emt 0:00:52]} Be7 {[%emt 0:00:12]} 7. g3 {[%emt 0:00:27] C03: French Tarrasch: Unusual Black 3rd moves} (7. c3 c5 8. Bd3 b6 9. O-O Ba6 10. Bxa6 Nxa6 11. Qe2 Nab8 12. c4 dxc4 13. Nxc4 O-O 14. Qe4 Na6 {½-½ (45) Movsesian,S (2629)-Caruana,F (2828) chess.com INT 2019}) 7... c5 {[%emt 0:00:53]} 8. c3 {[%emt 0:00:11]} Nc6 {[%emt 0:00:12]} 9. Bg2 {[%emt 0:00:17]} Qb6 {[%emt 0:01:07]} 10. Nb3 {[%emt 0:00:47]} cxd4 {[%emt 0:01:26]} 11. cxd4 {[%emt 0:01:13]} a5 {[%emt 0:03:26]} 12. Qd3 $146 {[%emt 0:19:27]} ({Predecessor:} 12. Be3 a4 13. Nbd2 Qa6 14. Bf1 Qb6 {1-0 (35) Martinez,J-Gurevich,A Verdun 1995}) 12... a4 {[%emt 0:01:56]} 13. Nbd2 {[%emt 0:03:24]} Nb4 {[%emt 0:00:19]} 14. Qc3 {[%emt 0:00:16]} Qa6 {[%emt 0:01:59]} 15. Bf1 {[%emt 0:00:44]} Qc6 {[%emt 0:00:08]} 16. Kd1 {[%emt 0:02:48]} Qb6 {[%emt 0:01:58]} 17. a3 {[%emt 0:02:33]} Nc6 {[%emt 0:01:34]} 18. b3 {[%emt 0:04:04]} axb3 {[%emt 0:01:34]} 19. Qxb3 {[%emt 0:00:45]} Qa7 {[%emt 0:02:19]} 20. Bb2 {[%emt 0:01:34]} f6 {[%emt 0:03:24]} 21. Bh3 {[%emt 0:03:21]} Kf7 {[%emt 0:08:51]} 22. Re1 {[%emt 0:04:26]} fxe5 {[%emt 0:00:55]} 23. Nxe5+ {[%emt 0:06:16]} Ncxe5 {[%emt 0:00:51]} 24. dxe5 {[%emt 0:01:54]} Qa4 {[%emt 0:00:28]} 25. Ke2 {[%emt 0:01:25]} Qxb3 {[%emt 0:01:54]} 26. Nxb3 {[%emt 0:00:09]} Nc5 {[%emt 0:00:12]} 27. Nd4 {[%emt 0:00:51]} Bd7 {[%emt 0:07:59]} 28. Rec1 {[%emt 0:04:44]} Rhc8 {[%emt 0:02:51]} 29. Rc3 {[%emt 0:02:00]} Ne4 {[%emt 0:02:01]} 30. Rf3+ {[%emt 0:03:01]} Kg8 {[%emt 0:00:05]} 31. Rb3 {[%emt 0:00:25]} Nc5 {[%emt 0:00:35]} 32. Rc3 {[%emt 0:00:17]} Ra4 {[%emt 0:04:00]} 33. Ke3 {[%emt 0:01:26]} Rca8 {[%emt 0:08:16]} 34. Rac1 {[%emt 0:02:02]} ({White should try} 34. Rcc1 $15) 34... Rxd4 {[%emt 0:00:45]} 35. Kxd4 {[%emt 0:00:48]} Ra4+ $19 {[%emt 0:00:04]} 0-1

[Event "Torneo Interdepartamental 2019"]
[Site "Montevideo"]
[Date "2019.08.24"]
[Round "1.9"]
[White "Lanzilotta, Marcelo"]
[Black "Pereira, Gerardo"]
[Result "1-0"]
[WhiteElo "1970"]
[BlackElo "1331"]
[Annotator "NA"]
[PlyCount "63"]
[EventDate "2019.08.23"]
[EventType "team-tourn"]
[EventCountry "URU"]
[SourceTitle "playchess.com"]
[Source "ChessBase"]
[SourceQuality "1"]
[TimeControl "5400+30"]

1. e4 {[%emt 0:00:05]} e5 {[%emt 0:00:00]} 2. Nf3 {[%emt 0:00:02]} d6 {[%emt 0:00:00]} 3. d4 {[%emt 0:00:07]} Nf6 {[%emt 0:00:37]} 4. Bc4 {[%emt 0:01:02]} h6 {[%emt 0:00:26]} 5. dxe5 {[%emt 0:00:20]} Nfd7 {[%emt 0:07:31]} 6. O-O {[%emt 0:06:11]} Nc6 {[%emt 0:04:11]} 7. e6 {[%emt 0:01:47]} Nde5 {[%emt 0:00:07]} 8. exf7+ {[%emt 0:01:38]} Nxf7 {[%emt 0:00:19]} 9. Bxf7+ {[%emt 0:02:30]} Kxf7 {[%emt 0:00:09]} 10. Qd5+ {[%emt 0:06:44]} Be6 {[%emt 0:00:33]} 11. Qh5+ Kg8 {[%emt 0:01:13]} 12. Nc3 {[%emt 0:00:10]} Qe8 {[%emt 0:04:16]} 13. Qb5 {[%emt 0:00:18]} b6 {[%emt 0:03:00]} 14. Nd5 {[%emt 0:02:54]} a6 {[%emt 0:00:59]} 15. Qc4 {[%emt 0:04:34]} b5 {[%emt 0:02:46]} 16. Ne7+ {[%emt 0:00:57]} Kf7 {[%emt 0:01:37]} 17. Qxc6 Bxe7 {[%emt 0:00:39]} 18. Qxc7 {[%emt 0:01:10]} Rc8 {[%emt 0:00:10]} 19. Qb7 {[%emt 0:03:06]} Qc6 {[%emt 0:00:19]} 20. Qxc6 {[%emt 0:00:43]} Rxc6 {[%emt 0:00:08]} 21. Nd4 {[%emt 0:02:27]} Rc4 {[%emt 0:00:31]} 22. c3 {[%emt 0:05:09]} Bd7 {[%emt 0:01:14]} 23. Be3 {[%emt 0:06:01]} b4 {[%emt 0:01:51]} 24. cxb4 {[%emt 0:00:44]} Rxb4 {[%emt 0:00:17]} 25. b3 {[%emt 0:03:02]} Bf6 {[%emt 0:00:10]} 26. Rad1 {[%emt 0:00:01]} Rc8 {[%emt 0:01:57]} 27. Rd2 {[%emt 0:01:04]} a5 {[%emt 0:02:58]} 28. f4 {[%emt 0:04:43]} a4 {[%emt 0:02:50]} 29. e5 {[%emt 0:00:22]} Be7 {[%emt 0:00:07]} 30. exd6 {[%emt 0:02:53]} Bxd6 {[%emt 0:00:47]} 31. Nc2 {[%emt 0:00:25]} Bc5 {[%emt 0:00:20]} 32. Bxc5 {[%emt 0:00:56]} 1-0

[Event "Torneo Interdepartamental 2019"]
[Site "Montevideo"]
[Date "2019.08.23"]
[Round "1.9"]
[White "Malan, Lucia"]
[Black "Blanco, Rudemar Ernesto"]
[Result "*"]
[WhiteElo "1831"]
[BlackElo "1516"]
[Annotator "NA RC"]
[PlyCount "23"]
[EventDate "2019.08.23"]
[EventType "team-tourn"]
[EventCountry "URU"]
[SourceTitle "playchess.com"]
[Source "ChessBase"]
[SourceQuality "1"]
[TimeControl "5400+30"]

1. e4 {[%emt 0:00:05]} e5 {[%emt 0:00:00]} 2. Nf3 {[%emt 0:00:02]} d6 {[%emt 0:00:00]} 3. d4 {[%emt 0:00:07]} Nf6 {[%emt 0:00:37]} 4. Bc4 {[%emt 0:01:02]} h6 {[%emt 0:00:26]} 5. dxe5 {[%emt 0:00:20]} Nfd7 {[%emt 0:07:31]} 6. O-O {[%emt 0:06:11]} Nc6 {[%emt 0:04:11]} 7. e6 {[%emt 0:01:47]} Nde5 {[%emt 0:00:07]} 8. exf7+ {[%emt 0:01:38]} Nxf7 {[%emt 0:00:19]} 9. Bxf7+ {[%emt 0:02:30]} Kxf7 {[%emt 0:00:09]} 10. Qd5+ {[%emt 0:06:44]} Be6 {[%emt 0:00:33]} 11. Qh5+ Kg8 {[%emt 0:01:13]} 12. Nc3 {[%emt 0:00:10]} *